Introduction to politics (Record no. 282)

MARC details
000 -LEADER
fixed length control field 00503cam a2200193ua 4500
001 - CONTROL NUMBER
control field 331
005 - DATE AND TIME OF LATEST TRANSACTION
control field 20260515113141.0
008 - FIXED-LENGTH DATA ELEMENTS--GENERAL INFORMATION
fixed length control field 110329n ii |||gr||||Z||||||eng
040 ## - CATALOGING SOURCE
Transcribing agency MAIN
082 ## - DEWEY DECIMAL CLASSIFICATION NUMBER
Classification number 320
245 1# - TITLE STATEMENT
Title Introduction to politics
Statement of responsibility, etc. by Sibnath Chakravarty
250 ## - EDITION STATEMENT
Edition statement 10th.
260 ## - PUBLICATION, DISTRIBUTION, ETC.
Place of publication, distribution, etc. Calcutta:
Name of publisher, distributor, etc. Modern book agency,968.
300 ## - PHYSICAL DESCRIPTION
Extent xxvi,1027p:
Dimensions 80cm.
653 ## - INDEX TERM--UNCONTROLLED
Uncontrolled term Political science
653 ## - INDEX TERM--UNCONTROLLED
Uncontrolled term Introduction to politics
700 ## - ADDED ENTRY--PERSONAL NAME
Personal name Chakravarty, Sibnath.,
Relator term Author.
942 ## - ADDED ENTRY ELEMENTS (KOHA)
Koha item type Books
Holdings
Withdrawn status Lost status Damaged status Not for loan Home library Current library Shelving location Date acquired Total checkouts Full call number Barcode Date last seen Copy number Price effective from Koha item type
        Naharkatiya College Library Naharkatiya College Library General stacks 09/19/2020   320 | CHA 195 09/19/2020 1 09/19/2020 Books
        Naharkatiya College Library Naharkatiya College Library General stacks 09/19/2020   320 | CHA 196 09/19/2020 2 09/19/2020 Books